Statistics for The Athena quiz

Click here to take the quiz!

General Stats

  • This quiz has been taken 417 times
    (404 since last reset)
  • The average score is 3 of 9

Answer Stats

Question Answer % Correct
What is the name of the maiden who challenged Athena to a weaving contest?Arachne
81%
What is the name of Athena's Roman counterpart?Minerva
70%
During the Trojan war, which side was Athena on, the Greeks or the Trojans?The Greeks
43%
What is the name of Athena's mother?Metis
37%
Athena is the patron goddess of Athens. Which god did she compete for it?Poseidon
22%
What animal is Athena's sacred animal?Owl
19%
From what part of Zeus was Athena born?The Head
10%
According to Homer, Athena is the_____-eyed goddess. What color eyes do Athena have?Gray
10%
What is the name of the god who tried to rape Athena?Hephaestus
1%

Score Distribution

Percentile by Number Answered

Percent of People with Each Score

Your Score History

You have not taken this quiz since the last reset